| 000 | 00571nam a22001577a 4500 | ||
|---|---|---|---|
| 003 | NUST | ||
| 082 | _a670 | ||
| 100 |
_aNAWAZ ,HAMZA _9122332 |
||
| 245 |
_aDesign and Development of Layer by Layer Deposition Mechanism for Selective Laser Melting Process / _cHAMZA NAWAZ |
||
| 264 |
_aIslamabad: _bSMME- NUST. _c2021. |
||
| 300 |
_a59p. ; _bSoft Copy, _c30cm. |
||
| 650 |
_aMS Design and Manufacturing Engineering _9119567 |
||
| 700 |
_aSupervisor : Dr. Mushtaq Khan _9119879 |
||
| 856 | _uhttp://10.250.8.41:8080/xmlui/handle/123456789/24966 | ||
| 942 |
_2ddc _cTHE |
||
| 999 |
_c608837 _d608837 |
||